000 00424cam a2200181ua 4500
001 9764
008 160824n ii |||gr||||Z||||||asm
040 _cMAIN
041 _aasm
082 _a002
100 _aSaikia, Punya,
_eAuthor.
245 _aKitapor bichitra jagat
_cby Punya Saikia
250 _a1st ed.
260 _aNaharkatia:
_bNaharkatiya College,
_c2008.
300 _a48p.
653 _aThe book
942 _cBK
999 _c8775
_d8775